Los masones: la sociedad más poderosa de la tierra

Gorde:
Xehetasun bibliografikoak
Egile nagusia: Ridley, Jasper (Egilea)
Formatua: Liburua
Hizkuntza:gaztelania
Argitaratua: Buenos Aires Ediciones B 2006
Edizioa:1a. ed
Saila:Byblos. Ensayo. Biografía e Historia, 1734-1
Gaiak:
Etiketak: Etiketa erantsi
Etiketarik gabe, Izan zaitez lehena erregistro honi etiketa jartzen!

MARC

LEADER 00000cam a2200000 a 4500
001 UCD6369
003 CL-VaPUC
008 161201e20060600ag |||||||||||||||||spa|d
020 |a 8466617930 
082 0 4 |a 366.1  |b RID  |2 21 
100 0 |a Ridley, Jasper  |e author  |9 590180 
245 1 4 |a Los masones: la sociedad más poderosa de la tierra 
250 |a 1a. ed 
300 |a 477 p 
942 |c BK 
945 |d 20161201 17:35:00  |a arojas 
260 |a Buenos Aires  |b Ediciones B  |c 2006 
650 0 |a Masonería   |9 256238 
650 0 |a Sectas  |9 320072 
583 |a last modification  |c 20190827 04:05:09  |k Rodrigo Vera 
490 0 |a Byblos. Ensayo. Biografía e Historia, 1734-1 
999 |c 366722  |d 366720 
952 |0 0  |1 0  |3 erb  |4 0  |6 366_100000000000000_RID_2006  |7 0  |8 A  |9 481241  |a BIBHIS  |b BIBHIS  |i 5354188  |l 2  |o 366.1 RID 2006  |p 5354188  |r 2025-01-20  |s 2023-06-13  |w 2019-11-24  |y BK  |z Catalogado en:20161201  |k HIS